Finale de ligue des champions depuis 2010 - Statistiques

Statistiques générales
  • Ce quiz a été pris 284 fois
  • Le résultat moyen est 11 sur 15
Statistiques - réponses
Hint Réponse % Correct
2017-2018 Real Madrid - Liverpool
92%
2021-2022 Real Madrid - Liverpool
92%
2019-2020 Bayern Munich - PSG
89%
2023-2024 Real Madrid - Borussia Dortmund
88%
2022-2023 Manchester City - Inter Milan
85%
2013-2014 Real Madrid - Atletico Madrid
81%
2015-2016 Real Madrid - Atletico Madrid
81%
2016-2017 Real Madrid - Juventus
80%
2020-2021 Chelsea - Manchester City
79%
2012-2013 Bayern Munich - Borussia Dortmund
78%
2014-2015 FC Barcelone - Juventus
75%
2018-2019 Liverpool - Tottenham
74%
2010-2011 FC Barcelone - Manchester United
62%
2011-2012 Chelsea - Bayern Munich
41%
2009-2010 Bayern Munich - Inter Milan
34%
Aucun quiz correspondant
Distribution des résultats
% des personnes avec chaque résultat
Percentile par nombre de réponses
Votre historique - résultats
Vous n’avez pas pris ce quiz